Повышение устойчивости отвалов с помощью технологии открытых горных выработок

Podrobná bibliografie
Hlavní autor: Загоруйко Л. П. Леонид Павлович
Jazyk:ruština
Vydáno: Киев, 1969
Témata:
Médium: Kniha
KOHA link:https://koha.lib.tpu.ru/cgi-bin/koha/opac-detail.pl?biblionumber=95740

MARC

LEADER 00000nam0a2200000 4500
001 95740
005 20231031110248.0
035 |a (RuTPU)RU\TPU\book\102503 
090 |a 95740 
100 |a 20060503d1969 m y0rusy50 ca 
101 0 |a rus 
102 |a UA 
105 |a a z 001zy 
200 1 |a Повышение устойчивости отвалов с помощью технологии открытых горных выработок  |f Л. П. Загоруйко 
210 |a Киев  |d 1969 
215 |a 69 с.  |c черт. 
320 |a Библиогр.: с. 68. 
610 1 |a отвалы 
610 1 |a устойчивость 
610 1 |a горные работы 
675 |a 622.271.0025  |v 3 
700 1 |a Загоруйко  |b Л. П.  |g Леонид Павлович 
801 1 |a RU  |b 63413507  |c 20060503  |g PSBO 
801 2 |a RU  |b 63413507  |c 20060504  |g PSBO 
942 |c BK